Inovatívna tvorba variantných modulov a konštrukcií mobilných strojov s využitím najnovších metód a nástrojov konštruovania
Gespeichert in:
| 1. Verfasser: | |
|---|---|
| Weitere Verfasser: | |
| Format: | Manuskript Buch |
| Sprache: | Slowakisch |
| Veröffentlicht: |
2025
|
| Schlagworte: | |
| Online-Zugang: | http://is.stuba.sk/zp/portal_zp.pl?podrobnosti=179408 |
| Tags: |
Keine Tags, Fügen Sie das erste Tag hinzu!
|
MARC
| LEADER | 00000ntm a22000003a 4500 | ||
|---|---|---|---|
| 001 | stuzp91781 | ||
| 003 | SK-STU | ||
| 005 | 20250830210512.4 | ||
| 007 | ta | ||
| 008 | 150427s2015----xo-----f-mn---000-0-slo-d | ||
| 040 | |a STU |b slo | ||
| 041 | 0 | |a slo | |
| 100 | 1 | |a Holub, Peter |u 020030 |4 aut |U SjF Strojnícka fakulta |T SjF Ústav automobilového inžinierstva a konštruovania |X 112909 |U J0030 |Y 806 |7 112909 | |
| 242 | 0 | 1 | |a Innovative creation of variant modules and constructions of mobile machines using the latest methods and modeling tools |y eng |
| 245 | 1 | 0 | |a Inovatívna tvorba variantných modulov a konštrukcií mobilných strojov s využitím najnovších metód a nástrojov konštruovania |
| 260 | |c 2025 | ||
| 650 | 4 | |a aditívna výroba |2 slo | |
| 650 | 4 | |a dizajn pre aditívnu výrobu |2 slo | |
| 650 | 4 | |a pohonné moduly |2 slo | |
| 650 | 4 | |a hydrostatické systémy |2 slo | |
| 650 | 4 | |a metodika návrhu |2 slo | |
| 650 | 4 | |a additive manufacturing |2 eng | |
| 650 | 4 | |a design for additive manufacturing |2 eng | |
| 650 | 4 | |a drive modules |2 eng | |
| 650 | 4 | |a hydrostatic systems |2 eng | |
| 650 | 4 | |a design methodology |2 eng | |
| 700 | 1 | |a Gulan, Ladislav |u 020030 |k Z1 |4 ths |U SjF Strojnícka fakulta |T SjF Ústav automobilového inžinierstva a konštruovania |X 2356 |U J0030 |Y 806 |7 A000002356 | |
| 856 | 4 | |u http://is.stuba.sk/zp/portal_zp.pl?podrobnosti=179408 | |
| 996 | |b 284J047777 |c J* 119747 |l JJST |s P |a 0 |w stuzp91781_0001 | ||